000 02895cam a2200325 a 4500
005 20260322212047.0
007 data
008 data
010 _a 2009037822
020 _a9781413310993 (pbk.)
020 _a1413310990 (pbk.)
040 _aDLC
_cDLC
_dDLC
_dCDL
_dILC
_dCDX
_dYDXCP
_dSGB
_dEDK
_dDLC
043 _an-us---
050 0 0 _aKF1659
_b.P35 2010
082 0 0 _a346.73/0652
_222
092 _a346.73 P35 2010
245 0 4 _aThe small business start-up kit /
_cedited by Peri Pakroo & Marcia Stewart.
250 _a6th ed.
260 _aBerkeley, Calif. :
_bNolo,
_c2010.
300 _a352 p. :
_bforms ;
_c28 cm. +
_e1 CD-ROM (4 3/4 in.)
500 _aIncludes index.
500 _aCD-ROM contains forms in Rich Text Format.
505 0 _aChoosing a legal structure -- Picking a winning business name -- Choosing a business location -- Drafting an effective business plan -- Pricing, bidding, and billing projects -- Federal, state, and local start-up requirements -- Risk management -- Paying your taxes -- Laws, taxes, and other issues for home businesses -- Entering into contracts and agreements -- Bookkeeping, accounting, and financial management -- Small business marketing 101 -- E-business : selling and marketing online -- Planning for changes In ownership -- Building your business and hiring workers -- Getting professional help.
520 _aFrom the Publisher: The best step-by-step guide to starting a business available! Many people dream of running a business of their own-but often don't know how to start. Sound familiar? This book can help. User-friendly and loaded with tips, The Small Business Start-Up Kit shows you how to launch a business quickly, easily and with confidence. It explains in plain English how to: choose the best business structure; write an effective business plan; file the right forms in the right place; price, bid and bill your projects; draft and use contracts, online and off; manage your finances; be prepared for, and file, required taxes; reach customers online. The Small Business Start-Up Kit also includes all the forms and instructions you need both as tear-outs and on CD-ROM. The 6th edition has been thoroughly updated to include the latest legal information affecting small business. Additionally, it includes 1) an updated chapter on financial management, which includes information on how to use technology to manage bookkeeping and other business aspects, 2) an updated e-business chapter which covers how to use social media to promote the business and, 3) updated material on the latest search engine optimization strategies to drive traffic to the business website.
650 0 _aSmall business
_xLaw and legislation
_zUnited States
_vPopular works.
650 0 _aNew business enterprises
_xLaw and legislation
_zUnited States
_vPopular works.
700 1 _aPakroo, Peri.
700 1 _aStewart, Marcia.
001 data
999 _c1107
_d1107